Hollywood film 1963-1976 : years of revolution and reaction /

Hollywood 1963-1976 chronicles the upheaval and innovation that took place in the American film industry during an era of pervasive cultural tumult. Exploring the many ideologies embraced by an increasingly diverse Hollywood, Casper offers a comprehensive canon, covering the period's classics a...

Full description

Bibliographic Details
Main Author: Casper, Drew
Format: eBook
Language:English
Published: Hoboken : John Wiley & Sons, 2011.
Series:Wiley Online Library.
Subjects:
Online Access:Connect to the full text of this electronic book

MARC

Tag First Indicator Second Indicator Subfields
LEADER 00000cam a2200000Ia 4500
001 in00002785112
005 20210728124952.0
006 m o d
007 cr |n|---|||||
008 110725s2011 enka ob 001 0 eng d
020 |a 144439522X 
020 |a 1444395246 (electronic bk.) 
020 |a 9781444395228 
020 |a 9781444395242 (electronic bk.) 
035 |a (OCoLC)742333226 
035 |a (OCoLC)ocn742333226 
035 |a 4033601 
040 |a EBLCP  |b eng  |c EBLCP  |d OCLCQ  |d YDXCP  |d TXI  |d OCLCQ  |d UIU  |d TXA  |d UtOrBLW 
043 |a n-us--- 
049 |a TXAM 
050 4 |a PN1993.5.U6  |b C32 2011eb 
082 0 4 |a 791.43097309046 
100 1 |a Casper, Drew.  |0 http://id.loc.gov/authorities/names/n2006096294 
245 1 0 |a Hollywood film 1963-1976 :  |b years of revolution and reaction /  |c Drew Casper. 
264 1 |a Hoboken :  |b John Wiley & Sons,  |c 2011. 
300 |a 1 online resource (xix, 380 pages) :  |b illustrations 
336 |a text  |b txt  |2 rdacontent 
337 |a computer  |b c  |2 rdamedia 
338 |a online resource  |b cr  |2 rdacarrier 
500 |a Electronic resource. 
504 |a Includes bibliographical references and indexes. 
505 0 |a Part I, Cultural Overview : The Age of Revolution and Reaction, 1963-76. Major Historical Events ; Economic Situation ; Societal Issues -- Part II, Business Practices. Production-Distribution ; Exhibition and the New Audience -- Part III, Technology. Color, Screen Shapes, Sound, Special Effects, and Production Refinements -- Part IV, Style. Documentary and Documentary Realism ; TV and TV Theatrical ; Modernism, TV Programming/Commercials, Avant-Garde Cinema, and Expressive Stylization -- Part V, Censorship. Issues, Solutions, and Problems -- Part VI, Genre. Adventure ; Biography ; Historical Spectacle ; Comedy ; Horror and Science Fiction ; Melodrama ; Musical ; Social Problem Film and Courtroom Drama ; Suspense Thriller ; War ; Western -- Coda: Postmodern Hollywood, 1977 -- Appendix: Hierarchical Order of Top Ten Box-Office Stars, 1963-76. 
520 |a Hollywood 1963-1976 chronicles the upheaval and innovation that took place in the American film industry during an era of pervasive cultural tumult. Exploring the many ideologies embraced by an increasingly diverse Hollywood, Casper offers a comprehensive canon, covering the period's classics as well as its brilliant but overlooked masterpieces. A broad overview and analysis of one of American film's most important and innovative periods. Offers a new, more expansive take on the accepted canon of the era. Includes films expressing ideologies contrary to the misremembered leftist slant. Explores and fully contextualizes the dominant genres of the 60s and 70s. 
588 |a Description based on print version record. 
650 0 |a Motion pictures  |z United States  |x History  |y 20th century.  |0 http://id.loc.gov/authorities/subjects/sh2010102474 
650 4 |a Fine Arts. 
655 7 |a Electronic books.  |2 local 
776 0 8 |i Print version:  |a Casper, Drew  |t Hollywood Film 1963-1976  |d Chichester, West Sussex ;Malden, MA : Wiley-Blackwell, 2011  |z 9781405188272  |z 9781405188289 
830 0 |a Wiley Online Library. 
856 4 0 |u http://proxy.library.tamu.edu/login?url=https://dx.doi.org/10.1002/9781444395242  |z Connect to the full text of this electronic book  |t 0 
948 |a cataloged  |b h  |c 2012/11/20  |d c  |e jlanham  |f 1:07:32 pm 
994 |a C0  |b TXA 
999 |a MARS 
999 f f |s cc4d43fe-de6b-37ad-b9b1-556708fc7b64  |i a067edfb-fb85-3f78-806f-3a58c0e0b1a9  |t 0 
952 f f |a Texas A&M University  |b College Station  |c Electronic Resources  |d Available Online  |t 0  |e PN1993.5.U6 C32 2011eb  |h Library of Congress classification 
998 f f |a PN1993.5.U6 C32 2011eb  |t 0  |l Available Online